000 00825cam a22002893a 4500
001 28517
003 PGUSA
005 20140828083621.0
008 090406s2009||||xxu|||||s|||||000 1 eng d
040 _aPGUSA
_beng
042 _adc
050 4 _aPS
100 1 _aWestcott, Frank N.
_q(Frank Noyes)
245 1 0 _aHepsey Burke
_h[electronic resource] /
_cFrank N. Westcott
260 _bProject Gutenberg,
_c2009
506 _aPublic domain in the USA.
516 _aElectronic text
653 _aOlder women -- Fiction
653 _aWidows -- Fiction
653 _aNewlyweds -- Fiction
653 _aVillages -- Fiction
653 _aClergy -- Fiction
700 1 _aGruger, Frederic Rodrigo,
_d1871-1953
830 0 _aProject Gutenberg
_v28517
856 4 0 _uhttp://www.gutenberg.org/ebooks/28517
942 _cEB
999 _c257772
_d257772